Scottish sustainable communities initiative (Record no. 108825)
[ view plain ]
| 000 -LEADER | |
|---|---|
| fixed length control field | 01435cad a22002535a 4500 |
| 001 - CONTROL NUMBER | |
| control field | E145589 |
| 008 - FIXED-LENGTH DATA ELEMENTS--GENERAL INFORMATION | |
| fixed length control field | 081024s2008 xxka f s000 0 eng d |
| 020 ## - INTERNATIONAL STANDARD BOOK NUMBER | |
| International Standard Book Number | 9780755957736 |
| 035 ## - SYSTEM CONTROL NUMBER | |
| System control number | (Sirsi) u145589 |
| 041 0# - LANGUAGE CODE | |
| Language code of text/sound track or separate title | eng |
| 050 04 - LIBRARY OF CONGRESS CALL NUMBER | |
| Classification number | 333.72 $2 18 |
| 110 2# - MAIN ENTRY--CORPORATE NAME | |
| Corporate name or jurisdiction name as entry element | Scotland |
| Subordinate unit | Scottish Government |
| 9 (RLIN) | 5344 |
| 245 00 - TITLE STATEMENT | |
| Title | Scottish sustainable communities initiative |
| Medium | [electronic resource] |
| 260 ## - PUBLICATION, DISTRIBUTION, ETC. | |
| Place of publication, distribution, etc. | Edinburgh |
| Name of publisher, distributor, etc. | Scottish Government |
| Date of publication, distribution, etc. | 2008 |
| 505 2# - FORMATTED CONTENTS NOTE | |
| Formatted contents note | Foreword -- Introduction -- What are the desired outcomes? -- Request for submissions -- Housing -- Location -- Design and environmental performance -- The long term -- Delivery -- Content of submissions -- Assessment -- Successful proposals -- Some useful references -- Further information |
| 520 ## - SUMMARY, ETC. | |
| Summary, etc. | The Scottish Sustainable Communities Initiative is aimed at promoting the creation of very low or zero carbon communities. It is also hoped that it will encourage an increase in standards of environmental and design quality in new developments and illustrate Scotland's skills in architecture and design. |
| 521 ## - TARGET AUDIENCE NOTE | |
| Target audience note | Advanced |
| 590 ## - LOCAL NOTE (RLIN) | |
| Local note | KA |
| 650 24 - SUBJECT ADDED ENTRY--TOPICAL TERM | |
| Topical term or geographic name entry element | SCOTTISH SUSTAINABLE COMMUNITIES INITIATIVE |
| 651 #4 - SUBJECT ADDED ENTRY--GEOGRAPHIC NAME | |
| Geographic name | Scotland |
| Chronological subdivision | 1999- |
| 690 ## - LOCAL SUBJECT ADDED ENTRY--TOPICAL TERM (OCLC, RLIN) | |
| Topical term or geographic name as entry element | ENVIRONMENTAL AND LAND CONSULTANCY-SUSTAINABILITY-SUSTAINABLE DEVELOPMENT |
| 856 40 - ELECTRONIC LOCATION AND ACCESS | |
| Uniform Resource Identifier | <a href="https://www.scotland.gov.uk/Publications/2008/06/25093645/0">https://www.scotland.gov.uk/Publications/2008/06/25093645/0</a> |
| Public note | View the report free of charge at www.scotland.gov.uk... |
| 942 ## - ADDED ENTRY ELEMENTS (KOHA) | |
| Suppress in OPAC | 0 |
| Withdrawn status | Lost status | Source of classification or shelving scheme | Damaged status | Not for loan | Home library | Current library | Shelving location | Date acquired | Total Checkouts | Full call number | Barcode | Date last seen | Copy number | Price effective from | Koha item type |
|---|---|---|---|---|---|---|---|---|---|---|---|---|---|---|---|
| Dewey Decimal Classification | Virtual | Virtual | Online | 24/10/2008 | ONLINE PUBLICATION | 145589-2001 | 06/08/2019 | 1 | 06/08/2019 | Book |